| 000 | 00886cam a22002533a 4500 | ||
|---|---|---|---|
| 001 | 12416 | ||
| 003 | PGUSA | ||
| 005 | 20140828083248.0 | ||
| 008 | 040501s2004||||xxu|||||s|||||000 | eng d | ||
| 040 |
_aPGUSA _beng |
||
| 042 | _adc | ||
| 050 | 4 | _aD | |
| 100 | 1 |
_aBell, Lilian, _d1867-1929 |
|
| 245 | 1 | 0 |
_aAs Seen By Me _h[electronic resource] / _cLilian Bell |
| 260 |
_bProject Gutenberg, _c2004 |
||
| 505 | 0 | _aFirst letter: on the way -- London -- Paris -- On board the yacht "Hela" -- Vilna, Russia -- St. Petersburg -- Russia -- Moscow -- Constantinople -- Cairo -- The Nile -- Greece -- Naples -- Rome. | |
| 506 | _aPublic domain in the USA. | ||
| 516 | _aElectronic text | ||
| 653 | _aEurope -- Description and travel | ||
| 653 | _aEgypt -- Description and travel | ||
| 830 | 0 |
_aProject Gutenberg _v12416 |
|
| 856 | 4 | 0 | _uhttp://www.gutenberg.org/ebooks/12416 |
| 942 | _cEB | ||
| 999 |
_c241671 _d241671 |
||